Perfil de deterioro neuropsicologico en eun grupo de pacientes con Alzheimer familiar en Antioquia (Registro nro. 107782)
[ vista simple ]
| 000 -CABECERA | |
|---|---|
| campo de control de longitud fija | 02009nam a2200337 u 4500 |
| 001 - NÚMERO DE CONTROL | |
| campo de control | 314435 |
| 005 - FECHA Y HORA DE LA ÚLTIMA TRANSACCIÓN | |
| campo de control | 20260506082723.0 |
| 008 - DATOS DE LONGITUD FIJA--INFORMACIÓN GENERAL | |
| campo de control de longitud fija | 981109s1998 ||||||m| spa |
| 035 ## - NÚMERO DE CONTROL DEL SISTEMA | |
| Número de control de sistema | 314435 |
| 040 ## - FUENTE DE LA CATALOGACIÓN | |
| Centro/agencia transcriptor | comduadb |
| 041 ## - CÓDIGO DE LENGUA | |
| Código de lengua del texto/banda sonora o título independiente | spa |
| 080 ## - NÚMERO DE LA CLASIFICACIÓN DECIMAL UNIVERSAL | |
| Número de la Clasificación Decimal Universal | T |
| 080 ## - NÚMERO DE LA CLASIFICACIÓN DECIMAL UNIVERSAL | |
| Número de la Clasificación Decimal Universal | R/CD |
| 082 #4 - NÚMERO DE LA CLASIFICACIÓN DECIMAL DEWEY | |
| Número de clasificación | 616 |
| 100 10 - ENTRADA PRINCIPAL--NOMBRE DE PERSONA | |
| Nombre de persona | Mesa Valencia, Claudia Patricia |
| Código de función | aut |
| Término indicativo de función/relación | Autor/a |
| 9 (RLIN) | 284858 |
| 245 10 - TÍTULO PROPIAMENTE DICHO | |
| Título propiamente dicho | Perfil de deterioro neuropsicologico en eun grupo de pacientes con Alzheimer familiar en Antioquia |
| 260 ## - PUBLICACIÓN, DISTRIBUCIÓN, ETC. | |
| Lugar de publicación, distribución, etc. | Medellín : |
| Nombre del editor, distribuidor, etc. | [sin publicador], |
| Fecha de publicación, distribución, etc. | 1998. |
| 300 ## - DESCRIPCIÓN FÍSICA | |
| Extensión | 70 hojas |
| 520 3# - SUMARIO, ETC. | |
| Nota de Sumario, etc. | A través de este trabajo se busca elaborar un perfil de deterioro<br/>neuropsicológico en un grupo de pacientes diagnostocados con DATF causada por la mutaciónE280 a en el gen S182 del cromosoma 14. Se concluyó que el perfil de deterioro neuropsicológico en la población antioqueña no es homogéneo, tampoco se encontraron cambios estadísticamente representativos entre las evaluacioners realizadas por función de cada uno de estos pacientes. Si bien se pueden observar diferencias entre los puntajes, estos son mínimos, lo anterior se puede explicar si se piensa que no existe relación uno a uno entre el deterioro nerupatológico y el deterioro cognocitivo. Efectuar estudios donde se pueda determinar claramente la velocidad del deterioro en cada una de las funciones cognocitivas del cuadro demencial en sus diferentes etapas. Realizarestudios longitudinales donde se analice cómo influyen variables de género, edada, historia familiar y alteraciones psiquiátricas en la velocidad del perfil de deterioro de la enfermedad. |
| 502 ## - NOTA DE TESIS | |
| Tipo de título | Tesis (Psicólogo/a). |
| Nombre de la institución que otorga el título | Universidad de Antioquia. Facultad de Ciencias Sociales y Humanas, |
| 526 ## - NOTA DE INFORMACIÓN SOBRE EL PROGRAMA DE ESTUDIO | |
| Nombre del programa | Universidad de Antioquia. Facultad de Ciencias Sociales y Humanas. Psicología. |
| 650 ## - PUNTO DE ACCESO ADICIONAL DE MATERIA--TÉRMINO DE MATERIA | |
| Término de materia o nombre geográfico como elemento de entrada | Neuropsicología |
| 9 (RLIN) | 36416 |
| 650 #7 - PUNTO DE ACCESO ADICIONAL DE MATERIA--TÉRMINO DE MATERIA | |
| Término de materia o nombre geográfico como elemento de entrada | Enfermedad de Alzheimer |
| Fuente del encabezamiento o término | dcs |
| 9 (RLIN) | 13367 |
| 650 ## - PUNTO DE ACCESO ADICIONAL DE MATERIA--TÉRMINO DE MATERIA | |
| Término de materia o nombre geográfico como elemento de entrada | Antioquia (Colombia) |
| 9 (RLIN) | 77506 |
| 650 #7 - PUNTO DE ACCESO ADICIONAL DE MATERIA--TÉRMINO DE MATERIA | |
| Término de materia o nombre geográfico como elemento de entrada | Atención |
| Fuente del encabezamiento o término | lemb |
| 9 (RLIN) | 2189 |
| 650 ## - PUNTO DE ACCESO ADICIONAL DE MATERIA--TÉRMINO DE MATERIA | |
| Término de materia o nombre geográfico como elemento de entrada | Lenguaje |
| 9 (RLIN) | 17640 |
| 650 #7 - PUNTO DE ACCESO ADICIONAL DE MATERIA--TÉRMINO DE MATERIA | |
| Término de materia o nombre geográfico como elemento de entrada | Memoria |
| Fuente del encabezamiento o término | lemb |
| 9 (RLIN) | 2153 |
| 651 #7 - PUNTO DE ACCESO ADICIONAL DE MATERIA--NOMBRE GEOGRÁFICO | |
| Nombre geográfico | Colombia |
| Fuente del encabezamiento o término | embne |
| 9 (RLIN) | 870547 |
| 700 10 - ENTRADA AGREGADA--NOMBRE PERSONAL | |
| Nombre de persona | Pineda Henao, Alexandra |
| Código de función | aut |
| Término indicativo de función/relación | Autor/a |
| 9 (RLIN) | 493691 |
| 942 ## - ELEMENTOS DE ENTRADA AGREGADA (KOHA) | |
| Tipo de ítem Koha | Tesis |
| Estado de retiro | Estado de pérdida | Estado dañado | No para préstamo | Código de colección | Localización permanente | Ubicación/localización actual | Fecha de adquisición | Fuente de adquisición | Número de inventario | Total de préstamos | Signatura topográfica completa | Código de barras | Fecha visto por última vez | Número de copia | Precio válido a partir de | Tipo de ítem Koha |
|---|---|---|---|---|---|---|---|---|---|---|---|---|---|---|---|---|
| Colección de Tesis. Piso 2 | Biblioteca Carlos Gaviria Díaz, Campus Medellín | Biblioteca Carlos Gaviria Díaz, Campus Medellín | 09/11/1998 | Material adquirido por donación | C393936 | 616.89 M578p | 61000000150090 | 22/04/2023 | 1 | 22/04/2023 | Tesis | |||||
| Colección General | CRAI María Teresa Uribe (FCSH, Bl. 9-305) | CRAI María Teresa Uribe (FCSH, Bl. 9-305) | 14/08/2007 | C960145 | T-02894 | 0620421 | 22/04/2023 | 2 | 22/04/2023 | Tesis | ||||||
| Colección Digital (Discos Ópticos, DVD) | CRAI María Teresa Uribe (FCSH, Bl. 9-305) | CRAI María Teresa Uribe (FCSH, Bl. 9-305) | 01/10/2018 | Material adquirido por donación | C1296555 | R/CD-05034 | 22/04/2023 | 3 | 22/04/2023 | Tesis |